000 00733nam a2200265Ia 4500
001 1010
005 20240113233440.0
007 ta
008 050129s1998 g b000 u asm u
040 _aCotton College,Assam
041 _aasm
082 _a891.41408
_bSa 21 As
100 _aSaikia, Chandra Prasad .
245 0 _aAsamar Batari Kakat-Alochanir Dersa Bachariya Itihas /
_cChandra Prashad Saikia.
250 _a1st ed. /
260 _aGuwahati :
_bPraphulla Ch.baruah ,
_c1998.
300 _a628p. ;
_c23cm.
653 _aHistory-Assam
653 _aAssam History
653 _aAssamese Essays-Newspaper
653 _aReference-Assamese
942 _2ddc
_cBK
999 _c1008
_d1008